01633nam a22001097a 4500008004100000100003100041245010000072260005500172300003200227520120900259773005501468260424b ||||| |||| 00| 0 eng d aDas, Ananya and Kanupriya aTrade in value added and employment in India’s manufacturing sector: An empirical perspective aMargin: The Journal of Applied Economic Research  a19(2), Nov, 2025: p.229-245 aThis perspective is an attempt to understand the linkages between trade in value added and employment in India’s formal manufacturing sector. The article uses the techniques of panel data and simple time-series regression analyses. The main contention of this study is that trade in value added positively influences employment in the manufacturing sector. This research has a potentially immense impact on India’s future industrial policies, especially considering the country’s strong focus on the manufacturing sector in recent years. Initiatives such as ‘Make in India’ and ‘Production Linked Incentive’ schemes highlight this emphasis. Given the imminent significance of global value chains for the country’s manufacturing and economic landscape, the outcomes of this research would greatly assist stakeholders in India’s manufacturing sector towards devising and executing pro-industrial policies, with a key focus on socio-economic factors, particularly employment.-Reproduced https://journals.sagepub.com/doi/abs/10.1177/00252921251401428?_gl=1*1qgj60z*_up*MQ..*_ga*NTk0MzcwMjA0LjE 3NzcwMjMwNDY.*_ga_60R758KFDG*czE3NzcwMjMwNDUkbzEkZzEkdDE3NzcwMjMwNzckajI4JGwwJGg5NTkxNjYxMTk.  aMargin: The Journal of Applied Economic Research